000 00357nam a2200145Ia 4500
008 240624s9999 xx 000 0 und d
041 _aeng
082 _a170 FRA
100 _aFRANKENA WILLIAM K
245 _aETHICS
250 _a(2nd ed.)
260 _c2008
_aNew Delhi
_bPrentice-Hall of India
300 _axv, : 125 : p. : cm. ; 24
365 _cRS
_b36
999 _c10189
_d10189